| 000 | 01014 a2200265 4500 | ||
|---|---|---|---|
| 005 | 20180312141944.0 | ||
| 008 | 131004b sp ||||br|||| 00| 0 spa d | ||
| 020 | _a8480555920 | ||
| 040 |
_aCO-BoUCM _bspa _cJose A. Gerena _dJose A. Gerena |
||
| 041 | 0 | _aspa | |
| 245 | 0 | 3 |
_aLa bella y la bestia _cadaptación del cuento de Madame de Villeneuve ; textos de Virginia Barros, Esther de la Paz ; ilustraciones de Juan Pablo Mora |
| 260 |
_bCultural _aMadrid (España) _c[sin fecha] |
||
| 300 |
_a[16] páginas _bilustraciones a color |
||
| 490 |
_aDiverticuentos _v5 |
||
| 650 | 7 |
_918686 _aLiteratura infantil francesa |
|
| 650 | 7 |
_918516 _aLibros ilustrados para niños |
|
| 650 | 7 |
_918524 _aLibros y lectura para niños |
|
| 690 |
_942863 _aLiteratura europea |
||
| 700 | 0 |
_aMadame de Villeneuve _947412 |
|
| 700 | 1 |
_aBarros, Virginia _947265 |
|
| 700 | 1 |
_aMora, Juan Pablo _eilustrador _947414 |
|
| 700 | 1 |
_aPaz, Esther de la _947266 |
|
| 942 |
_a18 _cLIBRO _e1 _mV738 _2LOCAL _h848.5 _n0 |
||
| 999 |
_c181866 _d181866 |
||